[Event "Chigorin Memorial"]
[Site "St Petersburg RUS"]
[Date "2012.10.27"]
[Round "1.1"]
[White "Shirov, Alexei"]
[Black "Spielmann, Alain"]
[Result "1-0"]
[WhiteTitle "GM"]
[BlackTitle "FM"]
[WhiteElo "2718"]
[BlackElo "2235"]
[WhiteFideId "2209390"]
[BlackFideId "602272"]
[EventDate "2012.10.27"]

1. d4 Nf6 2. c4 g6 3. Nc3 d5 4. cxd5 Nxd5 5. Bd2 Bg7 6. e4 Nb6 7. Be3 O-O 8. Be2
Nc6 9. Nf3 Bg4 10. e5 Qd7 11. h3 Be6 12. Ne4 Rad8 13. Nc5 Qc8 14. Nxe6 Qxe6 15.
Qb3 Qxb3 16. axb3 Nd5 17. Bc4 f6 18. O-O Kh8 19. e6 Nxe3 20. fxe3 Bh6 21. Kf2 a6
22. Rfd1 Nb4 23. e4 Nc2 24. Ra5 Be3+ 25. Ke2 Bxd4 26. Rd5 c5 27. Rd7 b5 28. Bd5
Ne3 29. Nxd4 Nxd5 30. Nc6 Nf4+ 31. Kf3 Rc8 32. Kxf4 Rxc6 33. Rxe7 Rfc8 34. Rdd7
c4 35. Rxh7+ Kg8 1-0

[Event "Chigorin Memorial"]
[Site "St Petersburg RUS"]
[Date "2012.10.27"]
[Round "1.2"]
[White "Cheremnova, Tamara"]
[Black "Areshchenko, Alexander"]
[Result "1/2-1/2"]
[WhiteTitle "WFM"]
[BlackTitle "GM"]
[WhiteElo "2235"]
[BlackElo "2710"]
[WhiteFideId "4175026"]
[BlackFideId "14109530"]
[EventDate "2012.10.27"]

1. d4 Nf6 2. c4 g6 3. g3 Bg7 4. Bg2 O-O 5. Nc3 d6 6. Nf3 Nbd7 7. O-O e5 8. e4 c6
9. h3 Qc7 10. Be3 exd4 11. Nxd4 a5 12. b3 Re8 13. Re1 Nc5 14. Qc2 Nfd7 15. Rab1
Nf8 16. Qd2 Bd7 17. Rbd1 Rad8 18. Bg5 f6 19. Bf4 Bc8 20. Nc2 Re6 21. h4 Qf7 22.
f3 f5 23. e5 Nfd7 24. Bg5 Rde8 25. exd6 Be5 26. Be7 Bxg3 27. Rxe6 Nxe6 28. Ne2
Rxe7 29. dxe7 Bxh4 30. Qxa5 Bxe7 31. Qd2 g5 32. b4 Ne5 33. c5 Ng6 34. Ne3 Nef4
35. Nxf4 gxf4 36. Nc2 Qxa2 37. Ra1 Qe6 38. Ra8 Kg7 39. Bh3 Nh4 40. Qd4+ Bf6 41.
Qxf4 Qe2 42. Qg3+ Kh6 43. Rxc8 Nxf3+ 44. Kh1 Be5 45. Qg2 Qd1+ 46. Qf1 Qxc2 47.
Bg2 Nh4 48. Re8 Ng6 49. Rxe5 Nxe5 50. Qf4+ Kg6 51. Qxe5 Qb1+ 52. Kh2 Qxb4 53.
Qe6+ Kg5 54. Qg8+ Kf6 55. Qh8+ Kg6 56. Qg8+ Kf6 57. Qf8+ Kg6 58. Qg8+ Kf6 1/2-1/2

[Event "Chigorin Memorial"]
[Site "St Petersburg RUS"]
[Date "2012.10.27"]
[Round "1.4"]
[White "Suleymanyants, Odisey"]
[Black "Akopian, Vladimir"]
[Result "0-1"]
[WhiteTitle "FM"]
[BlackTitle "GM"]
[WhiteElo "2227"]
[BlackElo "2703"]
[WhiteFideId "24149357"]
[BlackFideId "13300032"]
[EventDate "2012.10.27"]

1. e4 g6 2. Nf3 Bg7 3. Be2 c5 4. O-O Nc6 5. Re1 Nf6 6. d3 d5 7. exd5 Nxd5 8.
Nbd2 O-O 9. Bf1 h6 10. Ne4 b6 11. c3 e5 12. Ned2 Be6 13. Nc4 Qc7 14. a4 Rad8 15.
Qc2 Rfe8 16. Nfd2 f5 17. Nb3 Bf7 18. g3 Re7 19. Bd2 Red7 20. a5 Nde7 21. axb6
axb6 22. Na3 Na7 23. c4 Nec6 24. Qc1 g5 25. Nc2 f4 26. Bc3 Rxd3 27. Bxd3 Rxd3
28. Re4 Bg6 29. Qe1 Qd7 30. Re2 Qf7 31. Na3 Nd4 32. Bxd4 cxd4 33. Nc1 Rf3 34.
Nb1 Nc6 35. Nd2 g4 36. Ra8+ Kh7 37. Rc8 Qb7 38. Rxc6 Qxc6 39. Nxf3 gxf3 40. Rxe5
Bxe5 41. Qxe5 Qxc4 42. Qe7+ Qf7 43. Qd6 Qe8 44. Kf1 Bd3+ 0-1

[Event "Chigorin Memorial"]
[Site "St Petersburg RUS"]
[Date "2012.10.27"]
[Round "1.6"]
[White "Kuratov, Vasily"]
[Black "Eljanov, Pavel"]
[Result "1/2-1/2"]
[BlackTitle "GM"]
[WhiteElo "2225"]
[BlackElo "2681"]
[WhiteFideId "34114600"]
[BlackFideId "14102951"]
[EventDate "2012.10.27"]

1. e4 e5 2. Nf3 Nc6 3. Bb5 a6 4. Ba4 Nf6 5. O-O Be7 6. Re1 b5 7. Bb3 d6 8. c3
O-O 9. h3 Na5 10. Bc2 c5 11. d4 Nd7 12. Nbd2 exd4 13. cxd4 Nc6 14. Nf1 Nxd4 15.
Nxd4 cxd4 16. Qxd4 Ne5 17. Qd1 Be6 18. Ne3 Rc8 19. a4 Bg5 20. Bd2 Bf4 21. axb5
axb5 22. Ra3 Qg5 23. Nf1 Nc4 24. Rg3 Qh6 25. Bxf4 Qxf4 26. b3 Ne5 27. Rge3 Rc6
28. Ng3 Rfc8 29. Ne2 Qf6 30. Bb1 Ng6 31. Qd2 Qg5 32. Kh2 Qe5+ 33. Rg3 Bd7 34. f4
Qe7 35. Nd4 Ra6 36. Nf5 Qf8 37. Rd1 d5 38. e5 Bxf5 39. Bxf5 Rca8 40. Bb1 Qe7 41.
Bxg6 hxg6 42. Qxd5 Rb8 43. Rc3 Re6 44. Rc5 Qh4 45. Qf3 Qe7 46. Rdd5 b4 47. Qd3
Qh4 48. Rc4 Qf2 49. Rd8+ Rxd8 50. Qxd8+ Kh7 51. Rxb4 Rc6 52. Qd4 Qf1 53. Rc4 Ra6
54. Rc2 Ra1 55. Qf2 Qh1+ 56. Kg3 Rb1 57. Rb2 Rc1 58. Rc2 Rb1 59. Rc3 Qd1 60. Qe3
Rb2 61. Rd3 Qf1 62. Rd2 Rb1 63. e6 fxe6 64. Qxe6 Qb5 65. Kh2 Qxb3 66. Qg4 Qb5
67. Rd8 Rc1 68. Qf3 Qf1 69. Qxf1 Rxf1 70. Kg3 Ra1 1/2-1/2

[Event "Chigorin Memorial"]
[Site "St Petersburg RUS"]
[Date "2012.10.27"]
[Round "1.8"]
[White "Samdanov, Samdan"]
[Black "Zvjaginsev, Vadim"]
[Result "0-1"]
[BlackTitle "GM"]
[WhiteElo "2221"]
[BlackElo "2678"]
[WhiteFideId "4188101"]
[BlackFideId "4113403"]
[EventDate "2012.10.27"]

1. d4 d6 2. e4 Nf6 3. f3 c5 4. d5 e6 5. c4 Nbd7 6. Nc3 Be7 7. Nh3 O-O 8. Be3
exd5 9. cxd5 Ne5 10. Nf2 Rb8 11. a4 a6 12. Be2 Bd7 13. f4 Ng6 14. O-O Re8 15.
Qb1 b5 16. axb5 Bxb5 17. Bxb5 axb5 18. b4 Bf8 19. Re1 Nd7 20. g3 Nb6 21. Ra5 Nc4
22. Rxb5 Na3 23. Rxb8 Qxb8 24. Qb3 Qxb4 25. Qxb4 cxb4 26. Na4 f5 27. Bc1 Nc2 28.
Re2 Nd4 29. Rb2 fxe4 30. Be3 Nf5 31. Nd1 Rb8 32. Bb6 Nge7 33. g4 Nxd5 34. gxf5
Ra8 35. Rd2 e3 36. Bxe3 Nxe3 37. Nxe3 Rxa4 38. Rb2 Kf7 39. Nd5 Ra5 40. Nxb4 Rb5
41. Nd3 Rxb2 42. Nxb2 Kf6 43. Kg2 Kxf5 44. Kf3 d5 45. Nd3 Bd6 46. Ke3 Kg4 47.
Nf2+ Kf5 48. Nd3 Kg4 49. Nf2+ Kh4 50. Nd3 Kh3 51. Kd4 Kxh2 52. Kxd5 Bc7 53. Ke6
Kg3 0-1

[Event "Chigorin Memorial"]
[Site "St Petersburg RUS"]
[Date "2012.10.27"]
[Round "1.9"]
[White "Grachev, Boris"]
[Black "Drachev, Oleg"]
[Result "1-0"]
[WhiteTitle "GM"]
[WhiteElo "2672"]
[BlackElo "2220"]
[WhiteFideId "4129199"]
[BlackFideId "24193933"]
[EventDate "2012.10.27"]

1. c4 d6 2. Nc3 Nf6 3. d4 g6 4. g3 Bg7 5. Bg2 O-O 6. Nf3 c6 7. O-O Qa5 8. e4 Qh5
9. Ng5 Qxd1 10. Rxd1 h6 11. Nf3 Bg4 12. Be3 Nfd7 13. h3 Bxf3 14. Bxf3 Na6 15.
Rab1 Nb4 16. Rd2 c5 17. dxc5 Nxc5 18. Bg2 Nc6 19. Nd5 a5 20. f4 Rab8 21. e5 Ne6
22. exd6 exd6 23. Rbd1 Rfd8 24. Bb6 Rdc8 25. Bf2 Rd8 26. b3 h5 27. g4 hxg4 28.
hxg4 f5 29. gxf5 gxf5 30. Be3 Nc5 31. Ne7+ Nxe7 32. Bxc5 Nc8 33. Be3 Re8 34. Kf2
a4 35. Rd5 axb3 36. axb3 Ra8 37. Rxf5 Ra2+ 38. Rd2 Bb2 39. Bd5+ Kh8 40. Re2 Ne7
41. Rh5+ Kg7 42. Rg5+ Kf8 43. Kf3 Rea8 44. Rgg2 1-0

[Event "Chigorin Memorial"]
[Site "St Petersburg RUS"]
[Date "2012.10.27"]
[Round "1.12"]
[White "Klyuev, Alexander S."]
[Black "Khairullin, Ildar"]
[Result "0-1"]
[BlackTitle "GM"]
[WhiteElo "2218"]
[BlackElo "2639"]
[WhiteFideId "4194250"]
[BlackFideId "4151348"]
[EventDate "2012.10.27"]

1. d4 g6 2. Nf3 Bg7 3. Nbd2 c5 4. e3 Qc7 5. Bd3 Nf6 6. O-O O-O 7. c3 d5 8. Ne5
Nbd7 9. f4 Ne8 10. Nxd7 Bxd7 11. Kh1 cxd4 12. exd4 Nd6 13. Nf3 Bf5 14. Bxf5 Nxf5
15. Qb3 e6 16. Bd2 Nd6 17. Rae1 b5 18. Ne5 a5 19. a3 Rab8 20. Nd3 Qc4 21. Nc5
Qxb3 22. Nxb3 Nc4 23. Bc1 b4 24. axb4 axb4 25. Nc5 bxc3 26. bxc3 Rfd8 27. Be3
Bf8 28. Bg1 Rb2 29. Rb1 Rdb8 30. Rxb2 Rxb2 31. Rc1 Bd6 32. g3 h5 33. Nd3 Ra2 34.
Nc5 Kg7 35. Rd1 Rc2 36. Rd3 Bc7 37. Na4 Ba5 38. h3 Nd6 39. Nc5 Bxc3 40. g4 h4
41. Rd1 Re2 42. Bh2 Nc4 43. Bg1 Bd2 44. Bh2 Be3 45. Nb3 Rf2 46. Bg1 Rxf4 47.
Bxe3 Nxe3 48. Re1 Nc2 0-1

[Event "Chigorin Memorial"]
[Site "St Petersburg RUS"]
[Date "2012.10.27"]
[Round "1.13"]
[White "Khismatullin, Denis"]
[Black "Semenova, Irina"]
[Result "1-0"]
[WhiteTitle "GM"]
[BlackTitle "WGM"]
[WhiteElo "2638"]
[BlackElo "2216"]
[WhiteFideId "4142578"]
[BlackFideId "4118367"]
[EventDate "2012.10.27"]

1. d4 Nf6 2. c4 g6 3. g3 Bg7 4. Bg2 O-O 5. Nc3 d6 6. Nf3 Nbd7 7. O-O e5 8. h3
Re8 9. e4 exd4 10. Nxd4 Nc5 11. Re1 a5 12. Qc2 c6 13. Be3 Nfd7 14. Rad1 a4 15.
f4 Qa5 16. Bf2 Nb6 17. Bf1 Bd7 18. a3 Rad8 19. Na2 Nc8 20. Nb4 Re7 21. Bg2 Rde8
22. g4 f6 23. f5 Rf7 24. Ne2 Bh6 25. Bg3 gxf5 26. exf5 Re3 27. Bf2 Re5 28. Ng3
Rfe7 29. Nh5 Kf7 30. Rxe5 Rxe5 31. Bh4 Bg7 32. Nxg7 Kxg7 33. Qd2 Nb3 34. Bxf6+
Kxf6 35. Qh6+ Kf7 36. Qxh7+ Ke8 37. Qg8+ Ke7 38. f6+ Kxf6 39. Rf1+ Bf5 40. Qf8+
Kg5 41. gxf5 1-0

[Event "Chigorin Memorial"]
[Site "St Petersburg RUS"]
[Date "2012.10.27"]
[Round "1.16"]
[White "Denishev, Marat"]
[Black "Bartel, Mateusz"]
[Result "0-1"]
[BlackTitle "GM"]
[WhiteElo "2198"]
[BlackElo "2635"]
[WhiteFideId "24131563"]
[BlackFideId "1112635"]
[EventDate "2012.10.27"]

1. d4 f5 2. g3 Nf6 3. Bg2 g6 4. c4 Bg7 5. Nf3 O-O 6. O-O d6 7. Nc3 c6 8. b3 Qa5
9. Bb2 e5 10. dxe5 dxe5 11. Na4 e4 12. Nd4 Re8 13. a3 Nbd7 14. b4 Qc7 15. Rc1
Ne5 16. Qb3 Qf7 17. b5 Nfd7 18. Rfd1 c5 19. Nc2 Qxc4 20. Qxc4+ Nxc4 21. Bxg7
Kxg7 22. Na1 Nxa3 23. Nxc5 Nxc5 24. Rxc5 b6 25. Rc7+ Kg8 26. Rd5 Be6 27. Re5 Bf7
28. Rxe8+ Bxe8 29. f3 Nxb5 30. Re7 Rc8 31. Nb3 Bf7 32. Nd2 Rc2 33. Rd7 e3 0-1

[Event "Chigorin Memorial"]
[Site "St Petersburg RUS"]
[Date "2012.10.27"]
[Round "1.17"]
[White "Timofeev, Artyom"]
[Black "Belenkaya, Dina"]
[Result "1-0"]
[WhiteTitle "GM"]
[BlackTitle "WFM"]
[WhiteElo "2631"]
[BlackElo "2189"]
[WhiteFideId "4140419"]
[BlackFideId "24142654"]
[EventDate "2012.10.27"]

1. d4 d5 2. c4 c6 3. Nf3 Nf6 4. Nc3 e6 5. Bg5 dxc4 6. a4 Bb4 7. e4 c5 8. Bxc4
cxd4 9. Bb5+ Bd7 10. Qxd4 Bxc3+ 11. Qxc3 Bxb5 12. axb5 Nbd7 13. Qb4 a5 14. bxa6
bxa6 15. O-O Rb8 16. Qa3 Qb6 17. Rfc1 Qb7 18. Nd4 Ne5 19. Qd6 Ng6 20. Bxf6 gxf6
21. Rc7 1-0

[Event "Chigorin Memorial"]
[Site "St Petersburg RUS"]
[Date "2012.10.27"]
[Round "1.18"]
[White "Golubov, Saveliy"]
[Black "Lysyj, Igor"]
[Result "0-1"]
[BlackTitle "GM"]
[WhiteElo "2189"]
[BlackElo "2628"]
[WhiteFideId "24176729"]
[BlackFideId "4150120"]
[EventDate "2012.10.27"]

1. e4 e6 2. d4 d5 3. Nc3 Nf6 4. Bg5 dxe4 5. Nxe4 Nbd7 6. Nf3 h6 7. Bxf6 Nxf6 8.
Bd3 Nxe4 9. Bxe4 c5 10. O-O cxd4 11. Qxd4 Qxd4 12. Nxd4 Bc5 13. Rad1 Ke7 14. Nb3
Bd6 15. f4 g6 16. Rde1 Rb8 17. g3 Bd7 18. Rd1 Rhc8 19. Rd2 Be8 20. Rfd1 Bc7 21.
Kf1 Bb6 22. c3 Rc7 23. Nd4 a6 24. Nf3 Be3 25. Re2 Ba7 26. Ne5 Rd8 27. Rxd8 Kxd8
28. Rd2+ Ke7 29. Ke2 g5 30. Bf3 f6 31. Ng4 Bb5+ 32. Ke1 h5 33. Nf2 gxf4 34. Bxh5
Be3 35. Rc2 fxg3 36. hxg3 f5 37. Nd1 Bg5 38. Rh2 Kf6 39. Bf3 e5 40. g4 e4 41.
Bh1 Bf4 42. Rh5 Bg3+ 43. Kd2 Rd7+ 44. Kc2 Bd3+ 45. Kb3 f4 46. Rf5+ Ke6 47. c4
Rh7 0-1

[Event "Chigorin Memorial"]
[Site "St Petersburg RUS"]
[Date "2012.10.27"]
[Round "1.21"]
[White "Popov, Ivan RUS"]
[Black "Hairapetian, Anna"]
[Result "1-0"]
[WhiteTitle "GM"]
[BlackTitle "WIM"]
[WhiteElo "2614"]
[BlackElo "2185"]
[WhiteFideId "4170350"]
[BlackFideId "13303554"]
[EventDate "2012.10.27"]

1. e4 e5 2. Nf3 Nc6 3. d4 exd4 4. Nxd4 Nf6 5. Nxc6 bxc6 6. e5 Qe7 7. Qe2 Nd5 8.
c4 Nb6 9. Nd2 Bb7 10. b3 d5 11. exd6 cxd6 12. Bb2 O-O-O 13. O-O-O c5 14. Qh5 f6
15. Bd3 Qe8 16. Qh3+ Kb8 17. Rhe1 Qf7 18. Be4 Bc8 19. Qc3 f5 20. Bf3 Rg8 21. a4
g6 22. a5 Bg7 23. Qc2 Bxb2+ 24. Qxb2 Nd7 25. Bd5 Qg7 26. Bxg8 Qxg8 27. Nf3 Qf8
28. Re6 Ne5 29. Rexd6 Rxd6 30. Qxe5 Kc7 31. Qxc5+ Kd7 32. Qxa7+ 1-0

[Event "Chigorin Memorial"]
[Site "St Petersburg RUS"]
[Date "2012.10.27"]
[Round "1.23"]
[White "Demchenko, Anton"]
[Black "Balaian, Alina"]
[Result "1-0"]
[WhiteTitle "IM"]
[BlackTitle "WIM"]
[WhiteElo "2610"]
[BlackElo "2180"]
[WhiteFideId "4160258"]
[BlackFideId "24115347"]
[EventDate "2012.10.27"]

1. e4 e6 2. d4 d5 3. Nd2 Nf6 4. e5 Nfd7 5. c3 c5 6. Bd3 Nc6 7. Ngf3 Be7 8. O-O
g5 9. dxc5 g4 10. Nd4 Ndxe5 11. N2b3 b6 12. Nxc6 Nxc6 13. cxb6 axb6 14. Qxg4 Ne5
15. Bb5+ Bd7 16. Bxd7+ Nxd7 17. Nd4 h5 18. Qe2 Qc7 19. Nb5 Qc6 20. Bf4 Ra5 21.
b4 Ra4 22. a3 h4 23. h3 Rg8 24. f3 Nf6 25. Rfe1 Rg6 26. Rad1 Kf8 27. Rd4 Nd7 28.
Bh2 Bg5 29. Kh1 Ra8 30. c4 Nf6 31. Be5 Rd8 32. Qd3 Nh5 33. Nc3 Bf6 34. Bxf6 Nxf6
35. Rxh4 Rc8 36. Ne2 dxc4 37. Qc3 e5 38. Rc1 b5 39. Qxe5 Re8 40. Qb2 Re3 41. Nf4
Rg5 42. Qd4 Re8 43. Rh8+ Ng8 44. Rh5 Rxh5 45. Nxh5 Qh6 46. Qc5+ Ne7 47. Re1 c3
48. g4 Qc6 49. Qd4 1-0

[Event "Chigorin Memorial"]
[Site "St Petersburg RUS"]
[Date "2012.10.27"]
[Round "1.24"]
[White "Khanin, Semen"]
[Black "Swiercz, Dariusz"]
[Result "1/2-1/2"]
[BlackTitle "GM"]
[WhiteElo "2181"]
[BlackElo "2609"]
[WhiteFideId "4111990"]
[BlackFideId "1126881"]
[EventDate "2012.10.27"]

1. e4 e6 2. d4 d5 3. Nc3 Nf6 4. e5 Nfd7 5. f4 c5 6. Nf3 Nc6 7. Be3 Be7 8. Qd2
O-O 9. Be2 b6 10. O-O f5 11. dxc5 Nxc5 12. Nd4 Bd7 13. a3 Nxd4 14. Bxd4 Rc8 15.
b4 Ne4 16. Nxe4 fxe4 17. Rac1 Qe8 18. c4 dxc4 19. Rxc4 Bc6 20. Rfc1 Qd7 21. Qc3
Bb7 22. Be3 Ba6 23. Rc7 Rxc7 24. Qxc7 Qxc7 25. Rxc7 Bd8 26. Rc2 Bxe2 27. Rxe2
Kf7 28. Rd2 Ke8 29. Rd6 Be7 30. Rd4 b5 31. Rxe4 Kd7 32. Rd4+ Kc6 33. Rd3 Ra8 34.
Bd2 Rd8 35. Rc3+ Kb7 36. Bc1 Ra8 37. Kf2 a5 38. bxa5 Rxa5 39. Kf3 Ra4 40. g4 g6
41. Ke2 Re4+ 42. Kd3 Ra4 43. Kc2 h6 44. Kb3 Re4 45. Bd2 Bxa3 46. Rd3 Bc5 47.
Rd7+ Kc6 48. Rg7 Be3 49. Bxe3 Rxe3+ 50. Kc2 g5 51. fxg5 hxg5 52. Rxg5 Re2+ 53.
Kd3 Rxh2 54. Ke4 Re2+ 55. Kd4 Rd2+ 56. Ke4 Re2+ 57. Kd4 Ra2 58. Rg8 Ra4+ 59. Kc3
Kd5 60. Rb8 Kxe5 61. Rxb5+ Kf4 62. Kd2 e5 63. Ke2 Ra2+ 64. Ke1 Rg2 65. Rb4+ e4
66. Rb3 Kxg4 67. Re3 Kf4 68. Rb3 Ra2 69. Rc3 Ke5 70. Rb3 Kd4 71. Rh3 1/2-1/2

[Event "Chigorin Memorial"]
[Site "St Petersburg RUS"]
[Date "2012.10.27"]
[Round "1.25"]
[White "Andriasian, Zaven"]
[Black "Antinyan, Armen"]
[Result "0-1"]
[WhiteTitle "GM"]
[WhiteElo "2604"]
[BlackElo "2177"]
[WhiteFideId "13302000"]
[BlackFideId "13303112"]
[EventDate "2012.10.27"]

1. e4 e6 2. d4 d5 3. Nc3 dxe4 4. Nxe4 Nd7 5. Nf3 Ngf6 6. Nxf6+ Nxf6 7. c3 Be7 8.
Bd3 O-O 9. Ne5 c5 10. Be3 Nd5 11. Qc2 h6 12. O-O-O Bg5 13. Bxg5 Qxg5+ 14. Kb1
cxd4 15. cxd4 b6 16. h4 Qe7 17. g4 Bb7 18. Rhg1 Nb4 19. Qd2 Bd5 20. a3 Nxd3 21.
Qxd3 Qxh4 22. f3 Qg5 23. Rh1 Qf4 24. g5 Qxg5 25. Ka1 Rac8 26. Rdg1 Qf4 27. Qb1
Rc7 28. Rg4 Qe3 29. Re1 Qd2 30. Reg1 f5 31. R4g2 Qxd4 32. Re1 Rfc8 33. Rge2 Qf4
34. Nd3 Qxf3 35. Re3 Qg2 36. R3e2 Qg4 37. Re3 Qd4 38. Rg3 Be4 39. Rd1 f4 40.
Nxf4 Bxb1 41. Rxd4 e5 0-1

[Event "Chigorin Memorial"]
[Site "St Petersburg RUS"]
[Date "2012.10.27"]
[Round "1.26"]
[White "Marusenko, Petr"]
[Black "Shimanov, Aleksandr"]
[Result "0-1"]
[WhiteTitle "IM"]
[BlackTitle "GM"]
[WhiteElo "2175"]
[BlackElo "2599"]
[WhiteFideId "14100606"]
[BlackFideId "4198603"]
[EventDate "2012.10.27"]

1. d4 Nf6 2. c4 g6 3. Nc3 Bg7 4. Nf3 O-O 5. Bf4 d6 6. h3 Nc6 7. d5 Na5 8. e4 c5
9. Bd3 a6 10. O-O e5 11. Bg5 Bd7 12. Nd2 h6 13. Bh4 Qc7 14. Be2 Rab8 15. a4 Nh7
16. Bg3 f5 17. f4 exf4 18. Bxf4 g5 19. Bg3 f4 20. Bf2 Rbe8 21. Qc2 Nf6 22. Rae1
Bc8 23. Bd3 Nd7 24. Nf3 Ne5 25. Nxe5 Bxe5 26. Be2 Qb6 27. Rb1 Nb3 28. Nb5 axb5
29. Qxb3 b4 30. Qd1 b3 31. Bg4 Bxg4 32. Qxg4 Qb4 33. h4 Qxc4 34. hxg5 Qxe4 35.
gxh6+ Kh7 36. Rbd1 Qg6 37. Qxg6+ Kxg6 38. Rc1 Bxb2 39. Rb1 Re2 40. Rfe1 Rxe1+
41. Rxe1 Be5 42. Bxc5 dxc5 43. Rxe5 b2 0-1

[Event "Chigorin Memorial"]
[Site "St Petersburg RUS"]
[Date "2012.10.27"]
[Round "1.29"]
[White "Gabrielian, Artur"]
[Black "Shaydullina, Sandugach"]
[Result "1-0"]
[WhiteTitle "GM"]
[BlackTitle "WGM"]
[WhiteElo "2592"]
[BlackElo "2162"]
[WhiteFideId "4131002"]
[BlackFideId "4140389"]
[EventDate "2012.10.27"]

1. e4 c5 2. Nf3 e6 3. d4 cxd4 4. Nxd4 Nf6 5. Nc3 d6 6. g4 h6 7. h4 Nc6 8. Rg1 h5
9. gxh5 Nxh5 10. Bg5 Nf6 11. Be2 a6 12. Qd2 Qb6 13. Nb3 Qc7 14. O-O-O Bd7 15. f4
Nh7 16. f5 Nxg5 17. hxg5 O-O-O 18. g6 Ne5 19. Nd4 d5 20. gxf7 g6 21. Qe1 gxf5
22. exf5 exf5 23. Nxd5 Qc5 24. Nb3 Qc6 25. Qa5 Bh6+ 26. Kb1 Kb8 27. Rg3 Be6 28.
Rc3 Qd6 29. Ne3 Bxe3 30. Rxe3 Bd5 31. a3 f4 32. Rxd5 Qxd5 33. Rxe5 Qxf7 34. Bf3
Qc4 35. Re1 Rc8 36. Qe5+ Ka7 37. Ka2 Rhe8 38. Qg7 Rc7 39. Qg1+ Re3 40. Rxe3 fxe3
41. Qxe3+ Kb8 42. c3 Rh7 43. Qe5+ Ka8 44. Bd5 Qb5 45. c4 Qb6 46. Nc5 Ka7 47.
Nxb7 a5 48. Nd6 a4 49. Nc8+ 1-0

[Event "Chigorin Memorial"]
[Site "St Petersburg RUS"]
[Date "2012.10.27"]
[Round "1.30"]
[White "Kalinin, Nikita"]
[Black "Ipatov, Alexander"]
[Result "1/2-1/2"]
[BlackTitle "GM"]
[WhiteElo "2153"]
[BlackElo "2591"]
[WhiteFideId "24155390"]
[BlackFideId "14116731"]
[EventDate "2012.10.27"]

1. c4 g6 2. Nf3 Bg7 3. d4 Nf6 4. Nc3 d5 5. cxd5 Nxd5 6. Bd2 Nb6 7. Bf4 O-O 8. e3
Nc6 9. h3 Be6 10. Be2 Nd5 11. Nxd5 Bxd5 12. O-O Qd7 13. Qc2 f5 14. Bc4 h6 15.
Qb3 Bxc4 16. Qxc4+ e6 17. h4 Rfc8 18. Qb5 Rab8 19. Rac1 a6 20. Qa4 Kh7 21. Rfd1
Bf6 22. Qc4 Rd8 23. Rd2 Qe7 24. Rcd1 Rd5 25. g3 Rbd8 26. Qc3 R8d7 27. Be5 Nxe5
28. Nxe5 Rd8 29. f4 c6 30. Kf2 Qc7 31. Nf3 Qb6 32. Qc2 Kg7 33. b3 R8d7 34. Rc1
Qa5 35. Ke2 Qb4 36. Qc4 Qe7 37. Rh1 Qd8 38. Rc2 Qa5 39. Rhc1 Qa3 40. Rd2 R7d6
41. Qc2 Rd8 42. Rcd1 Qa5 43. Rc1 Rc8 44. Qc3 Qd8 45. Rdc2 Qd7 46. Qe1 Rd8 47.
Rc4 Rh8 48. Qc3 Qe8 49. Rh1 Be7 50. Qc1 Rd8 51. Kf2 Qd7 52. Qb2 Qd5 53. Rcc1 Bf6
54. Qe2 Rc8 55. Qc4 Be7 56. Rc2 g5 57. Qxd5 exd5 58. Rhc1 Ba3 59. Rg1 g4 60. Nd2
Rhe8 61. Nb1 Bb4 62. Rd1 Re6 63. Rd3 Rce8 64. a3 Bd6 65. b4 Ra8 66. Rb3 Re7 67.
a4 Kf7 68. Nc3 Ke6 69. a5 Kd7 70. Na4 Rae8 71. Nb6+ Ke6 72. Rcc3 h5 73. Rc2 Kf7
74. Rcc3 Rh8 75. Rc2 Re6 76. Rcc3 Rd8 77. Rc2 Be7 78. Rcc3 Bf6 79. Rd3 Rde8 80.
Rd2 Ke7 81. Rc2 Kd6 82. Rd2 R6e7 83. Rc3 Bg7 84. Ke2 Re6 85. Kf2 Re4 86. Rdd3
Bf6 87. Rd2 Bd8 88. Ra2 R8e6 89. Rac2 Rg6 90. Ra2 Bf6 91. Rd2 Rg8 92. Rd1 Rd8
93. Rdd3 Kc7 94. Rd2 Kb8 95. Rdc2 Ka7 96. Ra3 Bg7 97. Rd2 Re6 98. Na4 Bf8 99.
Rb2 Rb8 100. Ke2 Bd6 101. Kf2 Bc7 102. Rba2 Bd8 103. Nc5 Rg6 104. Kg2 Rg7 105.
Kf2 1/2-1/2

[Event "Chigorin Memorial"]
[Site "St Petersburg RUS"]
[Date "2012.10.27"]
[Round "1.32"]
[White "Napalkov, Vladimir"]
[Black "Durarbayli, Vasif"]
[Result "0-1"]
[BlackTitle "GM"]
[WhiteElo "2150"]
[BlackElo "2584"]
[WhiteFideId "4149424"]
[BlackFideId "13402935"]
[EventDate "2012.10.27"]

1. d4 Nf6 2. c4 c5 3. d5 b5 4. cxb5 a6 5. bxa6 Bxa6 6. g3 d6 7. Bg2 g6 8. b3 Bg7
9. Bb2 Nbd7 10. Nh3 O-O 11. O-O Qa5 12. Bc3 Qb5 13. Re1 Nb6 14. e4 Qd7 15. a4
Rfb8 16. Qc2 Ng4 17. Bxg7 Kxg7 18. f4 Qa7 19. Nf2 Nxf2 20. Qxf2 Nd7 21. Nd2 f6
22. Bf1 Bxf1 23. Kxf1 Rb4 24. Rec1 Qb7 25. Qe2 f5 26. exf5 Nf6 27. fxg6 Qxd5 28.
Kg1 Rd4 29. Qxe7+ Kxg6 30. f5+ Qxf5 31. Rf1 Re8 32. Qxe8+ Nxe8 33. Rxf5 Kxf5 34.
Ra2 Nc7 35. Kf2 Ke6 36. Ke2 Nd5 37. Ra1 Nc3+ 38. Ke3 Kd7 39. Rf1 h5 40. h3 h4
41. Rf7+ Kc6 42. Rg7 hxg3 43. Rxg3 Rxd2 44. Kxd2 Ne4+ 45. Kd3 Nxg3 46. b4 Nf5
47. bxc5 dxc5 48. Kc4 Nh4 49. Kc3 Nf5 50. Kc4 Nd6+ 51. Kc3 Kb6 52. h4 Ka5 53.
Kb3 c4+ 54. Ka3 Nf5 0-1

[Event "Chigorin Memorial"]
[Site "St Petersburg RUS"]
[Date "2012.10.27"]
[Round "1.33"]
[White "Zhigalko, Andrey"]
[Black "Pen, Pyotr"]
[Result "1-0"]
[WhiteTitle "GM"]
[WhiteElo "2582"]
[BlackElo "2150"]
[WhiteFideId "13502247"]
[BlackFideId "24129950"]
[EventDate "2012.10.27"]

1. c4 Nf6 2. Nc3 g6 3. g3 Bg7 4. Bg2 O-O 5. Nf3 d5 6. cxd5 Nxd5 7. h4 Nc6 8. h5
e5 9. hxg6 hxg6 10. Nxd5 Qxd5 11. d3 Qa5+ 12. Bd2 Qb5 13. b4 Re8 14. a4 Qb6 15.
Ng5 Nd4 16. Bd5 Be6 17. Nxe6 Nxe6 18. Rc1 c6 19. Bg2 Nd4 20. e3 Ne6 21. Qc2 Rad8
22. Ke2 Rd7 23. Rhd1 Qd8 24. Be1 Qg5 25. Qc4 Qh5+ 26. Kf1 Red8 27. b5 c5 28. Qc2
b6 29. Qe2 Qf5 30. Rc4 Ng5 31. g4 Qe6 32. Bc6 Rd6 33. f3 Bh6 34. Kg2 Kg7 35. Bg3
f6 36. Rc3 a5 37. f4 Nf7 38. g5 fxg5 39. fxe5 Nxe5 40. d4 Nxc6 41. bxc6 Rxc6 42.
Qc4 g4 43. d5 Qf7 44. e4 Rcc8 45. e5 Bg5 46. e6 Qb7 47. Be5+ Kh7 48. Qxg4 Bh6
49. Rh3 1-0